Educación democrática: primer curso

Gespeichert in:
Bibliographische Detailangaben
1. Verfasser: Buonocore, Domingo Profesor de derecho administrativo y de derecho agrario Vera, Angela Romeraa, Profesora de sociología y filosofía del derecho
Format: keine Angabe
Sprache:Spanisch
Erschienen: Buenos Aires Kapelusz c1957
Katalog:MANES:  Suchergebnis im Bibliothekskatalog
Schulbuchspezifische Eigenschaften:
Tags: Tag hinzufügen
Keine Tags, Fügen Sie den ersten Tag hinzu!
Hinzugefügt zu:26.04.2016
Geändert in:07.05.2025

MARC

LEADER 000000000a22000000004500
001 36249
003 OSt
005 20250507125815.0
008 160427s ar ||||| |||| 00| 0 spa d
041 |a Español 
561 |5 ar-DOCE  |a Argentina. Biblioteca del Docente  |k MANES 
691 0 |a SE 
100 1 |a Buonocore, Domingo  |b Profesor de derecho administrativo y de derecho agrario  |9 18546  |a Vera, Angela Romeraa, Profesora de sociología y filosofía del derecho  |9 18547 
245 0 0 |a Educación democrática: primer curso 
260 3 |a Buenos Aires  |b Kapelusz  |c c1957 
300 |a XIV, 157p.  |c 21 x 14 cm. 
500 |a Responde al primer año del programa para el Ciclo Básico de los Colegios Nacionales, Liceos de Señoritas, Escuelas Normales y Escuelas Industriales.  |a Signatura topográfica: HTA 1957 ROMe.  
690 0 |a CS  |a FILO  |a HI 
942 |2 ddc  |c BK 
546 |a Argentina 
999 |c 39821  |d 39821 
999 |c manes:39821  |d 39821